000 00556nam a22001575i 4500
001 171785
003 ES-MaACL
005 20230906214730.0
008 090601q1876 fr |||| | fre d
245 0 0 _aCatalogue des livres de beaux-arts, de littérature et d'histoire composant la bibliothèque de feu M. J. Pils.
260 _a[S.l. :
_bs.n.,
_cca. 1876]
300 _a29 p. ;
_c26 cm.
650 4 _aBellas Artes-
_vBibliografías.
_9135680
650 4 _aHistoria-
_vBibliografías.
_9159746
852 4 _aES-MaACL
_jT-204-F-18
_z- Falto de cub. original
999 _c171785
_d171785